| 000 | 00888nas a2200289 4500 | ||
|---|---|---|---|
| 001 | BR0202939 | ||
| 003 | BR-BrBNA | ||
| 005 | 20231205103024.0 | ||
| 007 | ta | ||
| 008 | 230509b bl.|||p| |||| 00| 00por d | ||
| 040 |
_aBR-BrBNA _bpor _cBiblioteca Nacional de Agricultura |
||
| 041 | _a(En) | ||
| 072 | _aQ04; J11 | ||
| 100 | 1 | _aBrito, E.S. de | |
| 100 | 1 | _aNarain, N. | |
| 245 | 1 | _aPhysical and chemical characteristics of sapota fruit at different stages of maturation | |
| 650 | _aSAPOTI | ||
| 650 | _aFRUTO | ||
| 650 | _aPROPRIEDADE FÍSICO-QUÍMICA | ||
| 650 | _aMATURAÇÃO | ||
| 650 | _aETAPA DE DESENVOLVIMENTO DA PLANTA | ||
| 650 | _aQUALIDADE | ||
| 650 | _aARMAZENAMENTO | ||
| 773 | 0 |
_tPesquisa Agropecuária Brasileira (Brazil) _xISSN 0100-204X _g(Apr 2002), v. 37(4) p. 567-572 _wBR0202939 |
|
| 909 |
_a202311 _bLúcia _c55 _dLúcia Elande |
||
| 942 |
_2AGRIS _n0 _cANA |
||
| 999 |
_c170615 _d170615 |
||